Animals by Latin Names - Statistics

General Stats
  • This quiz has been taken 534 times
  • The average score is 12 of 16
Answer Stats
Latin name Common name % Correct
Homo sapiens Human
99%
Canis lupus Wolf
99%
Panthera tigris Tiger
97%
Felis catus Cat
96%
Panthera leo Lion
96%
Giraffa camelopardalis Giraffe
93%
Bos taurus Cow
91%
Ursus arctos Brown bear
89%
Equus ferus Wild horse
86%
Orcinus orca Killer whale
84%
Vulpes vulpes Red fox
81%
Panthera pardus Leopard
58%
Equus quagga Zebra
58%
Ovis aries Sheep
50%
Anser anser Greylag goose
29%
Mustela erminea Weasel
29%
No matching quizzes found
Score Distribution
Percent of People with Each Score
Percentile by Number Answered
Your Score History
You have not taken this quiz